000 00455nam a22001577a 4500
003 OSt
005 20251111090831.0
008 251111b |||||||| |||| 00| 0 eng d
020 _a0316692646
040 _cLITTLE, BROWN AND COMPANY
050 _aD 804.53 .B33 1994
245 _aTELL THEM WE REMEMBER
_bTHE STORY OF THE HOLOCAUST
_cBACHRACH, SUSAN D.
250 _aIST EDITION
260 _aNEW YORK
_bLITTLE, BROWN AND COMPANY
_c1994
942 _2ddc
_cBK
_n0
999 _c9757
_d9757